000
00297nam a22001337a 4500
008
260416b ||||| |||| 00| 0 eng d
020
_a
9992751487
041
_a
Shqip
080
_a
821.111
100
_a
37
101
_a
Gjuhe dhe Leteresi
245
_a
Poezi
_c
Anglo -Saksone
942
_2
udc
_c
BK
999
_c
60976
_d
60976